A középiskolák reformja
Úvodník [pravdepodobne z pera regionálneho autora] zaoberá sa s pripravovanou reformou stredného školstva, ktorá by mala začať v školskom roku 1914/1915.
| Médium: | Článok |
|---|---|
| Jazyk: | Hungarian |
| Témy: | |
| Zdroj: |
1. Homonna és Vidéke : Hetilap 1. Roč. 13, č. 30 (20.07.1913) s. 1 a 2 |
| LEADER | 00905nab#a2200301#ar4500 | ||
|---|---|---|---|
| 001 | 000072006 | ||
| 003 | SVKKK | ||
| 005 | 20020116xxxxxxx. | ||
| 008 | 06 c xo huno | ||
| FMT | |||
| 038 | |a SVKKK | ||
| 040 | |a SVKKK |b slo |e AACR2 | ||
| 041 | 0 | |a hun | |
| 044 | |a xo |c SK | ||
| 080 | |a 373.5/.6+377 | ||
| 242 | 1 | 0 | |a Reforma stredných škôl |
| 245 | 0 | 0 | |a A középiskolák reformja |
| 500 | |a mikrofilm | ||
| 520 | 2 | |a Úvodník [pravdepodobne z pera regionálneho autora] zaoberá sa s pripravovanou reformou stredného školstva, ktorá by mala začať v školskom roku 1914/1915. | |
| 650 | 0 | 4 | |a školstvo stredné - reforma pripravovaná - júl 1913 - úvodníky |
| 773 | 0 | |t Homonna és Vidéke : Hetilap |g Roč. 13, č. 30 (20.07.1913) s. 1 a 2 | |
| 957 | |a Humenné [?] | ||
| 958 | |a DG | ||
| 958 | |a SK | ||
| 974 | |a Ba |d 20020116 | ||
| 992 | |a RBX | ||
| BAS | |||
| 998 | |a RETRO | ||